LIBRARY & INFORMATION CENTRE, KCAET, TAVANUR

ONLINE PUBLIC ACCESS CATALOGUE (OPAC)

Birds of paradise / (Record no. 5764)

MARC details
000 -LEADER
fixed length control field 00441cam a2200181ua 4500
041 ## - LANGUAGE CODE
Language code of text/sound track or separate title eng
082 ## - DEWEY DECIMAL CLASSIFICATION NUMBER
Classification number 821
Item number SAM/BI
100 ## - MAIN ENTRY--AUTHOR NAME
Personal name Samuel, M.S .
245 ## - TITLE STATEMENT
Title Birds of paradise /
260 ## - PUBLICATION, DISTRIBUTION, ETC. (IMPRINT)
Place of publication Melbourne :
Name of publisher MacMillan and Company Limited ,
Year of publication 1970.
300 ## - PHYSICAL DESCRIPTION
Number of Pages 180 ; .
942 ## - ADDED ENTRY ELEMENTS (KOHA)
Koha item type Books
Holdings
Withdrawn status Lost status Damaged status Home library Current library Date acquired Full call number Accession Number Koha item type
      KAUAET KAUAET 07/04/2012 821 13436 Books
      KAUAET KAUAET 07/04/2012 821 13093 Books
Withdrawn     KAUAET KAUAET 16/11/2023 821 SAM/BI 13090 Books
Withdrawn     KAUAET Sanskrit University 07/04/2012 821 13091 Books
Withdrawn     KAUAET Sanskrit University 07/04/2012 821 13092 Books
free website counter